000 00263nam a2200109Ia 4500
001 1261487
005 20260417140353.0
008 260417s9999 xx 000 0 und d
020 _a9786051850085
245 0 _aYolda
_cBuket Uzuner
260 _bEverest Yayınları
999 _c1261487
_d1261487